00809nam a2200253 i 4500001000700000003000900007005001700016007000300033008004100036017005200077020001500129040001300144080002600157080002500183080003100208080002100239100004400260245005800304260003600362300005600398504004000454600002400494852003700518142841ES-MaACL20240310062956.0t|071010s1977 sp ||||1| spa d aV 1596-1977 bOficina Depósito Legal Valencia a8471990660 cES-MaACL a73 Benlliure, Mariano a75 Benlliure, José a75 Benlliure, Juan Antonio a929.52 Benlliure1 aVidal Corella, Vicente,d1905-1992eaut14aLos Benlliure y su época / cVicente Vidal Corella. aValencia : bPrometeo, c[1977] a370 páginas, 32 páginas de láminas ; c22 cm. aBibliografía: páginas [367]-36814aBenlliure (Familia) aES-MaACLbR.96091cSPP1jA-6891